Darkness on the edge of town? Or is the calculation of consequential losses in dilapidation claims harder than it looks? (Part 1) (Record no. 84812)
[ view plain ]
| 000 -LEADER | |
|---|---|
| fixed length control field | 01315cab a22002775a 4500 |
| 001 - CONTROL NUMBER | |
| control field | L159154 |
| 008 - FIXED-LENGTH DATA ELEMENTS--GENERAL INFORMATION | |
| fixed length control field | 160212e2016 xxk 000 0 eng d |
| 035 ## - SYSTEM CONTROL NUMBER | |
| System control number | (Sirsi) u159154 |
| 041 0# - LANGUAGE CODE | |
| Language code of text/sound track or separate title | eng |
| 100 1# - MAIN ENTRY--PERSONAL NAME | |
| Personal name | Taggart, Nic |
| 245 00 - TITLE STATEMENT | |
| Title | Darkness on the edge of town? Or is the calculation of consequential losses in dilapidation claims harder than it looks? (Part 1) |
| 260 ## - PUBLICATION, DISTRIBUTION, ETC. | |
| Date of publication, distribution, etc. | 2016 |
| 490 ## - SERIES STATEMENT | |
| Series statement | Journal of Building Survey, Appraisal & Valuation |
| Volume/sequential designation | 4(3) Winter 2015-16, 130-142(13) |
| 520 ## - SUMMARY, ETC. | |
| Summary, etc. | A series of two articles looking at the calculation of consquential losses for breach of tenant's covenants in dilapidations claims. Part 1 looks at different ways of quantifying damages comparing contrasting rules in "Joyner v Weeks" [1891] 2 QB 31 and "Ruxley Electronics & Construction v Forsyth" [1996] AC 344. It also summarises the general law on causation, remoteness of damage and recovering the reasonable costs of mitigation. (Taken from abstract). (For Part 2 see L15219) |
| 590 ## - LOCAL NOTE (RLIN) | |
| Local note | KA |
| 650 24 - SUBJECT ADDED ENTRY--TOPICAL TERM | |
| Topical term or geographic name entry element | Dilapidations |
| 9 (RLIN) | 6235 |
| 650 24 - SUBJECT ADDED ENTRY--TOPICAL TERM | |
| Topical term or geographic name entry element | CONSEQUENTIAL LOSS |
| 650 24 - SUBJECT ADDED ENTRY--TOPICAL TERM | |
| Topical term or geographic name entry element | CAUSATION |
| 650 24 - SUBJECT ADDED ENTRY--TOPICAL TERM | |
| Topical term or geographic name entry element | DAMAGE |
| 650 ## - SUBJECT ADDED ENTRY--TOPICAL TERM | |
| Topical term or geographic name entry element | COSTS |
| 650 24 - SUBJECT ADDED ENTRY--TOPICAL TERM | |
| Topical term or geographic name entry element | JOYNER V WEEKS |
| 650 24 - SUBJECT ADDED ENTRY--TOPICAL TERM | |
| Topical term or geographic name entry element | RUXLEY ELECTRONICS & CONSTRUCTION V FORSYTH |
| 651 #4 - SUBJECT ADDED ENTRY--GEOGRAPHIC NAME | |
| Geographic name | United Kingdom |
| Chronological subdivision | |
| 690 ## - LOCAL SUBJECT ADDED ENTRY--TOPICAL TERM (OCLC, RLIN) | |
| Topical term or geographic name as entry element | Dilapidations |
| 9 (RLIN) | 6235 |
| 942 ## - ADDED ENTRY ELEMENTS (KOHA) | |
| Suppress in OPAC | 0 |
| Withdrawn status | Lost status | Source of classification or shelving scheme | Damaged status | Not for loan | Home library | Current library | Shelving location | Date acquired | Total Checkouts | Full call number | Barcode | Date last seen | Copy number | Price effective from | Koha item type |
|---|---|---|---|---|---|---|---|---|---|---|---|---|---|---|---|
| Dewey Decimal Classification | London | London | Journals | 12/02/2016 | L159154 | 159154-1001 | 06/08/2019 | 1 | 06/08/2019 | Journal article |